| 000 | 00406nam a22001697a 4500 | ||
|---|---|---|---|
| 005 | 20160625151759.0 | ||
| 008 | 160625b xxu||||| |||| 00| 0 eng d | ||
| 020 | _a81-229-0173-5 | ||
| 041 | _aeng | ||
| 082 | _b10232 | ||
| 100 |
_aSmith, Ron F and O'Connell laraene M _92801 |
||
| 245 | _aEditing Today | ||
| 260 |
_bSurjeet _c2004 |
||
| 300 | _a250 | ||
| 650 |
_aMass Communication _92660 |
||
| 942 | _cBK | ||
| 999 |
_c4056 _d4055 |
||